000 01168cad a22002175a 4500
001 L156448
008 120523s2011 xxk f 000 0 eng d
035 _a(Sirsi) u156448
041 0 _aeng
110 0 _aMcGraw-Hill Construction
_95916
245 0 0 _aBusiness case for energy efficient building retrofit and renovation
_h[electronic resource]
260 _a[S.l.]
_bMcGraw-Hill
_c2011
490 0 _aSmartMarket Report
505 2 _aMaking the business case -- Executive summary -- Recommendations -- Retrofit and renovation: market activity and sizing -- Business case for green and energy efficiency upgrades -- Financing energy efficiency
520 _aExamines how industry-wide adoption of efficiency investments in the office, retail, healthcare and education building sectors makes good business sense.
590 _aKA
651 4 _aNorth America
690 _aConstruction management
_96230
856 4 0 _uhttps://construction.com/market_research/FreeReport/Energy-Efficient-SMR/Business-Case-for_Energy-Efficiency-Retrofit-Renovation-SMR-%282011%29.pdf
_zFree registration here to download the market research report ://construction.com
942 _n0
999 _c114257
_d114257